Sociedad Odontológica del Colegio Español de Dentistas de Madrid. (Record no. 165496)

MARC details
000 -LEADER
campo de control de longitud fija 00692nam a2200169 i 4500
001 - NÚMERO DE CONTROL
campo de control 165496
003 - IDENTIFICADOR DE NÚMERO DE CONTROL
campo de control ES-MaACL
005 - FECHA Y HORA DE LA ÚLTIMA TRANSACCIÓN
campo de control 20230906213141.0
008 - DATOS DE LONGITUD FIJA--INFORMACIÓN GENERAL
campo de control de longitud fija 051003s1874 sp | |||||||| ||spa d
040 ## - FUENTE DE CATALOGACIÓN
Centro catalogador/agencia de origen CAM
Lengua de catalogación spa
Centro/agencia transcriptor CAM
110 2# - ENTRADA PRINCIPAL--NOMBRE DE ENTIDAD CORPORATIVA
Nombre de entidad corporativa o nombre de jurisdicción como elemento de entrada Sociedad Odontológica del Colegio Español de Dentistas de Madrid.
9 (RLIN) 134901
245 10 - MENCIÓN DEL TÍTULO
Título Sociedad Odontológica del Colegio Español de Dentistas de Madrid.
260 ## - PUBLICACIÓN, DISTRIBUCIÓN, ETC.
Lugar de publicación, distribución, etc. Madrid :
Nombre del editor, distribuidor, etc. [s.n.],
Fecha de publicación, distribución, etc. 1874 (
Fabricante Imprenta de Diego Valero)
300 ## - DESCRIPCIÓN FÍSICA
Extensión 16 p. ;
Dimensiones 23 cm.
610 24 - PUNTO DE ACCESO ADICIONAL DE MATERIA--NOMBRE DE ENTIDAD CORPORATIVA
Nombre de entidad corporativa o nombre de jurisdicción como elemento de entrada Sociedad Odontológica del Colegio Español de Dentistas de Madrid-
Subdivisión general Reglas, constituciones, etc.
9 (RLIN) 134902
852 ## - LOCALIZACIÓN
Ubicación ES-MaACL
Número de control de estantería T-378-F-18
Nota libre -- Enc. hol., falto de la enc. original
Holdings
Estatus retirado Estado de pérdida Estado de daño No para préstamo Colección Biblioteca de origen Biblioteca actual Ubicación en estantería Fecha de adquisición Total de préstamos Signatura topográfica completa Código de barras Visto por última vez Precio de reemplazo Tipo de ítem Koha
        Colección de folletos Biblioteca del Ateneo de Madrid Biblioteca del Ateneo de Madrid Depósito folletos 17/01/2008   T-378-F-18 1173553 23/02/2023 23/02/2023 Folleto